000
00312 a2200145 4500
001
178481
020
_a
040
_c
Magnum
100
_a
Dolga, Lokowsky
240
1
0
_a
Tudo legal no tribunal
_l
por
245
1
0
_a
Tudo legal no tribunal
362
0
_a
1899
697
_a
MAGNITO: I/PARADIDATICO
942
_c
BK
999
_c
178481
_d
178481